नयी सहस्त्राब्दी : (Record no. 118842)

MARC details
000 -LEADER
fixed length control field 01252nam a22002777a 4500
003 - CONTROL NUMBER IDENTIFIER
control field dpl
005 - DATE AND TIME OF LATEST TRANSACTION
control field 20180829122127.0
008 - FIXED-LENGTH DATA ELEMENTS--GENERAL INFORMATION
fixed length control field 180829b xxu||||| |||| 00| 0 eng d
010 ## - LIBRARY OF CONGRESS CONTROL NUMBER
LC control number B-013305
020 ## - INTERNATIONAL STANDARD BOOK NUMBER
Terms of availability 150.00
International Standard Book Number 8170164818
035 ## - SYSTEM CONTROL NUMBER
System control number B-013305, B-013309
037 ## - SOURCE OF ACQUISITION
Source of stock number/acquisition Cen Lib / Ret
040 ## - CATALOGING SOURCE
Original cataloging agency DPL
Language of cataloging HN
Transcribing agency 0
082 ## - DEWEY DECIMAL CLASSIFICATION NUMBER
Classification number 080
Item number निगम
100 ## - MAIN ENTRY--PERSONAL NAME
Personal name निगम, हरिकृष्ण
9 (RLIN) 82144
245 ## - TITLE STATEMENT
Title नयी सहस्त्राब्दी :
Statement of responsibility, etc हरिकृष्ण निगम
Remainder of title आज के प्रश्न और संभावित समाधान /
246 ## - VARYING FORM OF TITLE
Title proper/short title Nayi sahastrabadi : aj ke prashan aur sambhavit samadhan /
Remainder of title by Hrikrishan Nigam
260 ## - PUBLICATION, DISTRIBUTION, ETC. (IMPRINT)
Place of publication, distribution, etc नयी दिल्ली
Name of publisher, distributor, etc किताबघर प्रकाशन
Date of publication, distribution, etc 2000
270 ## - ADDRESS
Address नयी दिल्ली
City 24, अंसारी रोड, दरियागंज
Postal code 110002
300 ## - PHYSICAL DESCRIPTION
Extent 158पृ.
Dimensions 20सेमी (सजिल्द)
650 ## - SUBJECT ADDED ENTRY--TOPICAL TERM
Topical term or geographic name as entry element आतंकवाद
9 (RLIN) 82145
650 ## - SUBJECT ADDED ENTRY--TOPICAL TERM
Topical term or geographic name as entry element अंतर्राष्ट्रीय अर्थनीति
9 (RLIN) 82146
650 ## - SUBJECT ADDED ENTRY--TOPICAL TERM
Topical term or geographic name as entry element Terrorism
9 (RLIN) 2076
650 ## - SUBJECT ADDED ENTRY--TOPICAL TERM
Topical term or geographic name as entry element International economics
9 (RLIN) 18033
942 ## - ADDED ENTRY ELEMENTS (KOHA)
Source of classification or shelving scheme Dewey Decimal Classification
Koha item type Hindi Books
Classification part 080
Call number suffix निगम
Holdings
Withdrawn status Lost status Damaged status Not for loan Home library Current library Date acquired Source of acquisition Cost, normal purchase price Total Checkouts Full call number Barcode Date last seen Copy number Cost, replacement price Price effective from Koha item type Source of classification or shelving scheme Collection code
        Central Library Central Library 14/09/2015 Cen Lib/Ref 150.00   080 निगम B-013305 14/09/2015 1 150.00 14/09/2015 Hindi Books    
        Shahdara Branch Shahdara Branch 29/08/2018 BPPD/PUB 150.00   080 निगम B-013309 29/08/2018   150.00 29/08/2018 Hindi Books Dewey Decimal Classification Non-fiction

© Delhi Public Library
Hit Counter
free hit counter